Chiều chiều
v.v...
Đã lưu trong:
| Tác giả chính: | |
|---|---|
| Định dạng: | Sách |
| Năm xuất bản: |
H.
Hội nhà văn
1999
|
| Chủ đề: | |
| Tags: |
Thêm thẻ
Không có thẻ, Hãy là người đầu tiên gắn thẻ bản ghi này!
|
| LEADER | 00551nam a2200169 4500 | ||
|---|---|---|---|
| 082 | |a 895.922334 |b T450H | ||
| 100 | |a Tô Hoài | ||
| 245 | |a Chiều chiều |c Tô Hoài | ||
| 260 | |a H. |b Hội nhà văn |c 1999 | ||
| 300 | |a 562 tr. |c 19 cm. | ||
| 520 | |a v.v... | ||
| 653 | |a Văn học hiện đại | ||
| 653 | |a Việt Nam | ||
| 653 | |a Tiểu thuyết | ||
| 942 | |2 ddc |c SH | ||
| 999 | |c 4918 |d 4918 | ||
| 952 | |0 0 |1 0 |2 ddc |4 0 |6 895_922334000000000_T450H |7 0 |8 800 |9 45739 |a qbu |b qbu |c D5 |d 2014-12-20 |g 47500 |l 1 |o 895.922334 T450H |p 874.c1 |r 2016-09-07 |s 2016-08-24 |w 2014-12-20 |y SH | ||